[Event "Kiev Independence Cup-A 10th"]
[Site "Kiev"]
[Date "2010.08.19"]
[Round "8"]
[White "Julin, Alexei"]
[Black "Bortnyk, Mykola"]
[Result "0-1"]
[WhiteElo "2232"]
[BlackElo "2147"]
[PlyCount "68"]
[EventDate "2010.08.12"]
[EventType "swiss"]
[EventRounds "11"]
[EventCountry "UKR"]
[SourceTitle "CBM 138 Extra"]
[Source "ChessBase"]
[SourceDate "2010.10.29"]
[SourceVersion "1"]
[SourceVersionDate "2010.10.29"]
[SourceQuality "1"]

1. d4 f5 2. c4 Nf6 3. Nf3 d6 4. g3 g6 5. Bg2 Bg7 6. 0-0 0-0 7. Nc3 Qe8 8. d5 a5 9. Be3 Na6 10. Rc1 Bd7 11. h3 c5 12. Qd2 Nc7 13. Bh6 b5 14. Bxg7 Kxg7 15. cxb5 Nxb5 16. Nxb5 Bxb5 17. Ng5 Bd7 18. h4 Rb8 19. Rfe1 h6 20. Nh3 Rb4 21. Nf4 Qf7 22. Nd3 Rb5 23. b3 Ne4 24. Qe3 Qxd5 25. Red1 Qe6 26. Nf4 Qe5 27. Nd3 Qe6 28. Nf4 Qf7 29. Bxe4 fxe4 30. Qxe4 Rb4 31. Qe3 e5 32. Nd3 Rd4 33. f4 Bc6 34. fxe5 Qd5 0-1

[Event "Kiev Independence Cup-A 10th"]
[Site "Kiev"]
[Date "2010.08.16"]
[Round "5"]
[White "Julin, Alexei"]
[Black "Dolzhikova, Kateryna"]
[Result "0-1"]
[WhiteElo "2232"]
[BlackElo "2309"]
[PlyCount "70"]
[EventDate "2010.08.12"]
[EventType "swiss"]
[EventRounds "11"]
[EventCountry "UKR"]
[SourceTitle "CBM 138 Extra"]
[Source "ChessBase"]
[SourceDate "2010.10.29"]
[SourceVersion "1"]
[SourceVersionDate "2010.10.29"]
[SourceQuality "1"]

1. d4 d5 2. c4 c6 3. Nf3 Nf6 4. Nc3 e6 5. e3 Nbd7 6. Bd3 dxc4 7. Bxc4 b5 8. Be2 Bb7 9. 0-0 a6 10. e4 b4 11. e5 bxc3 12. exf6 Nxf6 13. bxc3 Bd6 14. Rb1 Qc7 15. Qb3 Rb8 16. Ba3 0-0 17. Bxd6 Qxd6 18. Qb4 Qf4 19. c4 Ba8 20. Qa3 c5 21. dxc5 Ng4 22. Qc1 Qc7 23. g3 Rxb1 24. Qxb1 Qc6 25. Qb2 f6 26. Qb6 Qe4 27. Bd1 Ne5 28. Qxe6+ Kh8 29. Kg2 Bc6 30. g4 f5 31. gxf5 Qg4+ 32. Kh1 Bxf3+ 33. Bxf3 Qxf3+ 34. Kg1 Qe4 35. f3 Qe2 0-1

[Event "Kiev Independence Cup-A 10th"]
[Site "Kiev"]
[Date "2010.08.14"]
[Round "3"]
[White "Bidkova, Viktoria"]
[Black "Julin, Alexei"]
[Result "0-1"]
[WhiteElo "2044"]
[BlackElo "2232"]
[PlyCount "92"]
[EventDate "2010.08.12"]
[EventType "swiss"]
[EventRounds "11"]
[EventCountry "UKR"]
[SourceTitle "CBM 138 Extra"]
[Source "ChessBase"]
[SourceDate "2010.10.29"]
[SourceVersion "1"]
[SourceVersionDate "2010.10.29"]
[SourceQuality "1"]

1. Nf3 d5 2. c4 c6 3. g3 Nf6 4. Bg2 g6 5. b3 Bg7 6. Bb2 0-0 7. 0-0 Bg4 8. d3 Na6 9. Nbd2 Nc5 10. b4 Ne6 11. Ne5 Nd7 12. Nxd7 Qxd7 13. Rb1 Nd4 14. Nf3 dxc4 15. Nxd4 Bxd4 16. dxc4 Rad8 17. Qc2 Qe6 18. e3 Bf5 19. e4 Bg4 20. Bxd4 Rxd4 21. f3 Bh3 22. Bxh3 Qxh3 23. Rbd1 Qd7 24. Kg2 Rd8 25. Rxd4 Qxd4 26. Rf2 e5 27. a3 Qd3 28. Qb2 Rd4 29. c5 Kg7 30. h4 f6 31. Qc1 h5 32. Qb2 g5 33. Qc1 Kg6 34. hxg5 fxg5 35. Qb2 g4 36. Qe2 gxf3+ 37. Qxf3 Qxf3+ 38. Rxf3 Rxe4 39. Rd3 Rd4 40. Re3 e4 41. Kh3 Kf5 42. Kh4 Rd3 43. Re1 Rxa3 44. Kxh5 Rxg3 45. Kh4 Rb3 46. Rb1 a6 0-1

[Event "Kiev Independence Cup-A 8th"]
[Site "Kiev"]
[Date "2008.08.19"]
[Round "7"]
[White "Gerber, Vladimir"]
[Black "Julin, Alexei"]
[Result "1/2-1/2"]
[WhiteElo "2175"]
[BlackElo "2232"]
[PlyCount "77"]
[EventDate "2008.08.13"]
[EventType "swiss"]
[EventRounds "11"]
[EventCountry "UKR"]
[SourceTitle "CBM 126 Extra"]
[Source "ChessBase"]
[SourceDate "2008.11.05"]
[SourceVersion "1"]
[SourceVersionDate "2008.11.05"]
[SourceQuality "1"]

1. d4 d5 2. Nc3 Nf6 3. Bg5 Bf5 4. e3 e6 5. Bd3 Bg6 6. Nf3 Nbd7 7. 0-0 Be7 8. Ne5 Nxe5 9. dxe5 Nd7 10. Bxe7 Qxe7 11. f4 Qc5 12. Qe2 0-0-0 13. Kh1 f6 14. exf6 Nxf6 15. e4 d4 16. Na4 Qc6 17. e5 Bxd3 18. cxd3 Nd5 19. b3 Nc3 20. Nxc3 dxc3 21. Rac1 b5 22. b4 Rd4 23. Qc2 Rhd8 24. Qxc3 Qxc3 25. Rxc3 Rxd3 26. Rc6 R8d4 27. Rxe6 Rxf4 28. Kg1 Rxf1+ 29. Kxf1 Kd7 30. Ra6 Re3 31. Rxa7 Rxe5 32. Ra3 Re4 33. Rg3 g6 34. a3 c5 35. bxc5 Kc6 36. Rh3 Re7 37. Rc3 Re5 38. g4 Rxc5 39. Rh3 1/2-1/2

[Event "Kiev Independence Cup-A 8th"]
[Site "Kiev"]
[Date "2008.08.13"]
[Round "10"]
[White "Julin, Alexei"]
[Black "Semenova, Lidia K"]
[Result "1/2-1/2"]
[WhiteElo "2232"]
[BlackElo "2213"]
[PlyCount "65"]
[EventDate "2008.08.13"]
[EventType "swiss"]
[EventRounds "11"]
[EventCountry "UKR"]
[SourceTitle "CBM 126 Extra"]
[Source "ChessBase"]
[SourceDate "2008.11.05"]
[SourceVersion "1"]
[SourceVersionDate "2008.11.05"]
[SourceQuality "1"]

1. Nf3 b6 2. g3 Bb7 3. Bg2 Nf6 4. c4 e6 5. 0-0 Be7 6. Nc3 0-0 7. Qc2 c5 8. e3 Nc6 9. d4 cxd4 10. exd4 Rc8 11. b3 d5 12. cxd5 Nb4 13. Qd2 Nfxd5 14. Bb2 Nxc3 15. Bxc3 Nd5 16. Bb2 Bb4 17. Qe2 Nc3 18. Bxc3 Rxc3 19. Rad1 Qc8 20. Ne5 Bxg2 21. Kxg2 Qb7+ 22. Kg1 Rfc8 23. Qb5 Bf8 24. Nc4 Rd8 25. Ne3 h6 26. Rd2 a6 27. Qh5 g6 28. Qe2 Rc7 29. Rfd1 Rcd7 30. d5 exd5 31. Qf3 d4 32. Qxb7 Rxb7 33. Rxd4 1/2-1/2

[Event "Kiev Independence Cup-A 7th"]
[Site "Kiev"]
[Date "2007.08.23"]
[Round "11"]
[White "Nazarian, Artur"]
[Black "Julin, Alexei"]
[Result "0-1"]
[WhiteElo "1975"]
[BlackElo "2236"]
[PlyCount "120"]
[EventDate "2007.08.13"]
[EventType "swiss"]
[EventRounds "11"]
[EventCountry "UKR"]
[SourceTitle "CBM 119 Extra"]
[Source "ChessBase"]
[SourceDate "2007.09.04"]
[SourceVersion "1"]
[SourceVersionDate "2007.09.04"]
[SourceQuality "1"]

1. e4 c5 2. Nf3 Nf6 3. Nc3 d5 4. Bb5+ Bd7 5. Bxd7+ Qxd7 6. exd5 Nxd5 7. Nxd5 Qxd5 8. d4 e6 9. 0-0 c4 10. Re1 Nc6 11. c3 Bd6 12. Ng5 0-0 13. Qg4 Rae8 14. Qh3 h6 15. Ne4 f5 16. Nxd6 Qxd6 17. Qh4 f4 18. g3 e5 19. Qh5 fxg3 20. hxg3 Qf6 21. Be3 exd4 22. cxd4 Qf5 23. Qxf5 Rxf5 24. Rac1 b5 25. Kg2 Kf7 26. b3 Nb4 27. Re2 cxb3 28. axb3 Nd5 29. Rc5 Nxe3+ 30. Rxe3 Rxc5 31. Rf3+ Ke6 32. dxc5 Kd5 33. b4 Re7 34. Rc3 Kc6 35. Kf3 a5 36. bxa5 Ra7 37. Ke4 Rxa5 38. Kd4 Ra7 39. Rc2 Rd7+ 40. Kc3 Kxc5 41. Kb3+ Kd5 42. Kb4 Ke4 43. Kxb5 Kf3 44. Kc6 Rf7 45. Kd6 Kg2 46. Ke6 Rxf2 47. Rc7 g5 48. Rh7 g4 49. Rxh6 Kxg3 50. Rg6 Kh3 51. Rh6+ Kg2 52. Rg6 g3 53. Ke5 Kh2 54. Ke4 g2 55. Rh6+ Kg1 56. Ra6 Rf8 57. Rb6 Kf2 58. Rb2+ Kg3 59. Rb3+ Kh2 60. Rb2 Kh3 0-1

[Event "Kiev Independence Cup-A 7th"]
[Site "Kiev"]
[Date "2007.08.20"]
[Round "8"]
[White "Julin, Alexei"]
[Black "Golichenko, Ilja"]
[Result "0-1"]
[WhiteElo "2236"]
[BlackElo "2306"]
[PlyCount "136"]
[EventDate "2007.08.13"]
[EventType "swiss"]
[EventRounds "11"]
[EventCountry "UKR"]
[SourceTitle "CBM 119 Extra"]
[Source "ChessBase"]
[SourceDate "2007.09.04"]
[SourceVersion "1"]
[SourceVersionDate "2007.09.04"]
[SourceQuality "1"]

1. d4 Nf6 2. Nf3 e6 3. g3 b6 4. Bg2 Bb7 5. 0-0 Be7 6. c4 0-0 7. Nc3 Ne4 8. Qc2 Nxc3 9. Qxc3 f5 10. d5 Bf6 11. Qc2 g6 12. Bh6 Re8 13. Rad1 Na6 14. dxe6 Be4 15. Qc1 d6 16. Nd4 Bxg2 17. Kxg2 Nc5 18. Qd2 Qc8 19. b4 Qb7+ 20. Kg1 Nxe6 21. Nb3 Rad8 22. Be3 b5 23. Na5 Qa6 24. a4 bxc4 25. b5 c3 26. bxa6 cxd2 27. Nc6 Ra8 28. Rxd2 Nd8 29. Rc2 Re4 30. a5 Kf7 31. Rb1 Ke8 32. Nb4 Ne6 33. Nd5 Bd8 34. Ra2 c6 35. Nf4 Nc7 36. Rb7 Re7 37. Bxa7 Nxa6 38. Rxe7+ Bxe7 39. Bb6 Kd7 40. Rd2 Bg5 41. Be3 Nc7 42. Ra2 Ra6 43. h4 Bh6 44. Bd2 c5 45. Kg2 Bg7 46. h5 d5 47. Nd3 Ne6 48. Rc2 c4 49. Nf4 Nxf4+ 50. gxf4 gxh5 51. Rc1 Bb2 52. Rc2 Bf6 53. Rc1 Kc6 54. f3 Kc5 55. e3 Bb2 56. Rc2 Ba3 57. Bc3 Bb4 58. Bd4+ Kc6 59. Kh3 Bc5 60. Kh4 Bxd4 61. exd4 Rxa5 62. Kg5 Ra3 63. Kxf5 Rxf3 64. Kg5 Kb5 65. Rb2+ Ka4 66. f5 c3 67. Rb7 c2 68. Rc7 Kb3 0-1

[Event "Kiev Independence Cup-A 7th"]
[Site "Kiev"]
[Date "2007.08.19"]
[Round "7"]
[White "Kislinsky, Alexey"]
[Black "Julin, Alexei"]
[Result "0-1"]
[WhiteElo "2472"]
[BlackElo "2236"]
[PlyCount "162"]
[EventDate "2007.08.13"]
[EventType "swiss"]
[EventRounds "11"]
[EventCountry "UKR"]
[SourceTitle "CBM 119 Extra"]
[Source "ChessBase"]
[SourceDate "2007.09.04"]
[SourceVersion "1"]
[SourceVersionDate "2007.09.04"]
[SourceQuality "1"]

1. e4 e5 2. Nf3 Nc6 3. d4 exd4 4. Bc4 Nf6 5. 0-0 Nxe4 6. Re1 d5 7. Bxd5 Qxd5 8. Nc3 Qh5 9. Nxe4 Be6 10. Bg5 Bd6 11. Bf6 Bxh2+ 12. Nxh2 Qxd1 13. Raxd1 gxf6 14. Nxf6+ Kf8 15. Nf3 Rd8 16. Rd2 h5 17. a3 Kg7 18. Ne4 Bg4 19. Neg5 Rd7 20. b4 a6 21. Nh4 Rd5 22. f4 Rhd8 23. Kf2 d3 24. c3 f6 25. Ne4 b6 26. Re3 Kf7 27. Ng3 Ne7 28. Re4 c5 29. c4 Rd4 30. Ke3 f5 31. Re5 Nc6 32. Rd5 R4xd5 33. cxd5 Ne7 34. Rxd3 Nxd5+ 35. Kd2 Ke6 36. Nf1 Rc8 37. bxc5 Rxc5 38. Ng6 Nf6 39. Ke3 Ne4 40. Nf8+ Ke7 41. Ng6+ Ke8 42. Nd2 Nxd2 43. Kxd2 Rc4 44. Re3+ Kd8 45. Rd3+ Kc7 46. g3 b5 47. Ne5 Re4 48. Rd7+ Kb6 49. Rd6+ Ka5 50. Nd7 Re2+ 51. Kc3 Re3+ 52. Kb2 Rxg3 53. Nb8 b4 54. Rxa6+ Kb5 55. a4+ Kc4 56. Rc6+ Kd5 57. Rh6 Ra3 58. Nd7 Ke4 59. Rb6 Kf3 60. Rxb4 Re3 61. Ne5+ Kg3 62. a5 Be2 63. Rb6 Kxf4 64. Ng6+ Kg5 65. a6 Re8 66. a7 Ra8 67. Ne7 Rxa7 68. Rg6+ Kf4 69. Nd5+ Ke5 70. Ne3 f4 71. Rg5+ Ke4 72. Nf5 Rd7 73. Nh4 Bg4 74. Kc2 f3 75. Rg8 Ke3 76. Re8+ Kf2 77. Rg8 Kf1 78. Ng6 Bf5+ 79. Kc3 Bxg6 80. Rxg6 f2 81. Rh6 Rf7 0-1

[Event "Kiev Independence Cup-A 7th"]
[Site "Kiev"]
[Date "2007.08.18"]
[Round "6"]
[White "Marusenko, Petr"]
[Black "Julin, Alexei"]
[Result "1-0"]
[WhiteElo "2321"]
[BlackElo "2236"]
[PlyCount "89"]
[EventDate "2007.08.13"]
[EventType "swiss"]
[EventRounds "11"]
[EventCountry "UKR"]
[SourceTitle "CBM 119 Extra"]
[Source "ChessBase"]
[SourceDate "2007.09.04"]
[SourceVersion "1"]
[SourceVersionDate "2007.09.04"]
[SourceQuality "1"]

1. e4 e5 2. Nf3 Nc6 3. Bb5 a6 4. Ba4 Nf6 5. 0-0 Be7 6. Bxc6 dxc6 7. d3 Nd7 8. Nbd2 0-0 9. Nc4 Bf6 10. b4 Re8 11. a4 Nf8 12. Bb2 Ng6 13. h3 Qe7 14. Qd2 h6 15. Kh2 Bg5 16. Nxg5 hxg5 17. f3 f6 18. Ne3 Be6 19. Rad1 Rad8 20. Qc3 Nf4 21. Rf2 Rd7 22. Qc5 Qf7 23. Ng4 Red8 24. Qa7 Bxg4 25. fxg4 Qa2 26. Bc3 b6 27. Ra1 Qe6 28. Qxa6 Kh7 29. a5 b5 30. Qa7 Rh8 31. a6 Kg6 32. Qe3 Rdd8 33. a7 Ra8 34. Kg1 Qd6 35. Ra6 Ne6 36. Rf1 Rhe8 37. Qf2 Kf7 38. Bd2 Kg8 39. h4 gxh4 40. Qxh4 Qd4+ 41. Qf2 Qd7 42. Be3 Qd6 43. g5 fxg5 44. Qf7+ Kh7 45. Kf2 1-0

[Event "Kiev Independence Cup-A 7th"]
[Site "Kiev"]
[Date "2007.08.16"]
[Round "4"]
[White "Vdovichenko, Vladislav"]
[Black "Julin, Alexei"]
[Result "1/2-1/2"]
[WhiteElo "2198"]
[BlackElo "2236"]
[PlyCount "64"]
[EventDate "2007.08.13"]
[EventType "swiss"]
[EventRounds "11"]
[EventCountry "UKR"]
[SourceTitle "CBM 119 Extra"]
[Source "ChessBase"]
[SourceDate "2007.09.04"]
[SourceVersion "1"]
[SourceVersionDate "2007.09.04"]
[SourceQuality "1"]

1. d4 Nf6 2. c4 g6 3. Nc3 Bg7 4. e4 0-0 5. Be3 d6 6. f3 Nc6 7. Nge2 a6 8. Qd2 Rb8 9. Nc1 e5 10. d5 Nd4 11. N1e2 c5 12. dxc6 bxc6 13. Nxd4 exd4 14. Bxd4 Re8 15. Be2 d5 16. cxd5 cxd5 17. e5 Nd7 18. f4 f6 19. 0-0 fxe5 20. fxe5 Nxe5 21. Kh1 Nc4 22. Qf4 Bxd4 23. Qxd4 Ne3 24. Bf3 Nxf1 25. Bxd5+ Be6 26. Rxf1 Qb6 27. Qf6 Bxd5 28. Nxd5 Qe6 29. Qd4 Rf8 30. Nf6+ Rxf6 31. Rxf6 Qxa2 32. h3 Qb1+ 1/2-1/2

[Event "Kiev Independence Cup-A 6th"]
[Site "Kiev"]
[Date "2006.08.21"]
[Round "9"]
[White "Julin, Alexei"]
[Black "Mazurchak, Bogdan"]
[Result "1-0"]
[WhiteElo "2231"]
[BlackElo "2075"]
[PlyCount "97"]
[EventDate "2006.08.13"]
[EventType "swiss"]
[EventRounds "11"]
[EventCountry "UKR"]
[SourceTitle "CBM 113 Extra"]
[Source "ChessBase"]
[SourceDate "2006.09.14"]
[SourceVersion "1"]
[SourceVersionDate "2006.09.14"]
[SourceQuality "1"]

1. c4 e5 2. Nc3 Bb4 3. Nf3 Bxc3 4. bxc3 Nc6 5. g3 d6 6. Bg2 Nf6 7. 0-0 0-0 8. d3 h6 9. e4 Be6 10. Ne1 Ne8 11. f4 f5 12. exf5 Bxf5 13. Bd5+ Kh8 14. g4 Bh7 15. f5 Nf6 16. Rb1 Nxd5 17. cxd5 Ne7 18. Qf3 b6 19. Ng2 c6 20. dxc6 Rc8 21. Ba3 Rxc6 22. d4 Qc7 23. dxe5 Rxc3 24. Bxd6 Qc8 25. Qf2 Rc2 26. Qh4 Nd5 27. Bxf8 Qxf8 28. e6 Qc5+ 29. Rf2 Nf6 30. Rbf1 Ne4 31. e7 Nd6 32. f6 Bg6 33. fxg7+ Kxg7 34. Qf6+ Kh7 35. Nf4 Bf7 36. Nd3 Qe3 37. Qxd6 Rxf2 38. Rxf2 Bg6 39. Qd7 Kg8 40. Qd5+ Kh7 41. Qe5 Qxd3 42. e8Q Bxe8 43. Qxe8 Qd1+ 44. Kg2 Qxg4+ 45. Kf1 Qc4+ 46. Qe2 Qc1+ 47. Qe1 Qc4+ 48. Kg1 Qg4+ 49. Rg2 1-0

[Event "Kiev Independence Cup-A 6th"]
[Site "Kiev"]
[Date "2006.08.20"]
[Round "8"]
[White "Matorin, Evgeny"]
[Black "Julin, Alexei"]
[Result "0-1"]
[WhiteElo "2283"]
[BlackElo "2231"]
[PlyCount "106"]
[EventDate "2006.08.13"]
[EventType "swiss"]
[EventRounds "11"]
[EventCountry "UKR"]
[SourceTitle "CBM 113 Extra"]
[Source "ChessBase"]
[SourceDate "2006.09.14"]
[SourceVersion "1"]
[SourceVersionDate "2006.09.14"]
[SourceQuality "1"]

1. Nf3 Nf6 2. c4 g6 3. g3 Bg7 4. Bg2 0-0 5. 0-0 d6 6. d4 Nbd7 7. b3 e5 8. dxe5 dxe5 9. Bb2 e4 10. Ng5 Qe8 11. Qc2 e3 12. f4 h6 13. Ne4 Nxe4 14. Bxg7 Kxg7 15. Qxe4 Qxe4 16. Bxe4 Nc5 17. Bf3 Bh3 18. Rd1 Rad8 19. Nc3 c6 20. Rxd8 Rxd8 21. Rd1 Re8 22. b4 Na6 23. b5 cxb5 24. Bxb7 b4 25. Nd5 Nc5 26. Bc6 Rc8 27. Bb5 a6 28. Ne7 Rb8 29. Bc6 Kf8 30. Nd5 Rc8 31. Nxb4 a5 32. Nd5 Rxc6 33. Nxe3 Ne4 34. Rd4 f5 35. Rd5 Rb6 36. Rb5 Rxb5 37. cxb5 Ke7 38. Nc4 a4 39. b6 Kd8 40. e3 Kc8 41. a3 Kb7 42. Nb2 Nc5 43. Nc4 Bg4 44. Kf2 Bd1 45. Ne5 Kxb6 46. Nxg6 Nd3+ 47. Kf1 Kc5 48. h3 Kc4 49. Ne7 Kb3 50. Nxf5 Kxa3 51. Nd6 Kb4 52. f5 a3 53. f6 Ne5 0-1

[Event "Kiev Independence Cup-A 5th"]
[Site "Kiev"]
[Date "2005.08.17"]
[Round "6"]
[White "Borsuk, Konstantin"]
[Black "Julin, Alexei"]
[Result "1-0"]
[WhiteElo "2215"]
[BlackElo "2247"]
[PlyCount "107"]
[EventDate "2005.08.12"]
[EventType "swiss"]
[EventRounds "11"]
[EventCountry "UKR"]
[SourceTitle "CBM 107 Extra"]
[Source "ChessBase"]
[SourceDate "2005.09.01"]
[SourceVersion "1"]
[SourceVersionDate "2005.09.01"]
[SourceQuality "1"]

1. d4 Nf6 2. c4 g6 3. Nc3 Bg7 4. e4 0-0 5. f3 d6 6. Be3 Nc6 7. Nge2 a6 8. Qd2 Rb8 9. Nc1 e5 10. d5 Nd4 11. Nb3 c5 12. dxc6 bxc6 13. Nxd4 exd4 14. Bxd4 Re8 15. Be2 c5 16. Be3 Qa5 17. Rc1 Be6 18. b3 Nd7 19. 0-0 f5 20. Bd3 fxe4 21. Nxe4 Qxd2 22. Bxd2 Bd4+ 23. Kh1 Bf5 24. Rce1 Kh8 25. g4 Ne5 26. Bb1 Bd7 27. Nxd6 Rf8 28. Kg2 Rb6 29. Ne4 Bc6 30. Bh6 Rfb8 31. Kg3 Nf7 32. Be3 Bxe3 33. Rxe3 Bxe4 34. Bxe4 Re6 35. Rd1 a5 36. Red3 Ng5 37. Rd8+ Re8 38. Rxe8+ Rxe8 39. Rd5 Ne6 40. Re5 Kg7 41. Bd5 Nc7 42. Rxe8 Nxe8 43. Kf4 Kf6 44. g5+ Ke7 45. Ke5 Nd6 46. Be6 Ne8 47. f4 Nd6 48. h4 Ne8 49. f5 gxf5 50. Bxf5 Ng7 51. Bxh7 Ne6 52. Be4 Nd4 53. h5 Ne2 54. h6 1-0

[Event "Kiev Independence Cup-A 5th"]
[Site "Kiev"]
[Date "2005.08.14"]
[Round "3"]
[White "Julin, Alexei"]
[Black "Panchenko, Alexandar G"]
[Result "0-1"]
[WhiteElo "2247"]
[BlackElo "2412"]
[PlyCount "66"]
[EventDate "2005.08.12"]
[EventType "swiss"]
[EventRounds "11"]
[EventCountry "UKR"]
[SourceTitle "CBM 107 Extra"]
[Source "ChessBase"]
[SourceDate "2005.09.01"]
[SourceVersion "1"]
[SourceVersionDate "2005.09.01"]
[SourceQuality "1"]

1. d4 Nf6 2. c4 e6 3. Nc3 Bb4 4. e3 c5 5. Bd3 Nc6 6. Nf3 Bxc3+ 7. bxc3 d6 8. 0-0 0-0 9. d5 Ne7 10. e4 e5 11. Nh4 h6 12. f4 Ng6 13. Nxg6 fxg6 14. fxe5 dxe5 15. Be3 b6 16. h3 Qe7 17. a4 a5 18. Rb1 Rb8 19. Qf3 Bd7 20. Qg3 Kh7 21. Bc2 Nh5 22. Qe1 Rxf1+ 23. Qxf1 Nf6 24. Qf2 Qd6 25. Qh4 Kg8 26. g4 g5 27. Qg3 Nh7 28. h4 gxh4 29. Qxh4 Rf8 30. Kg2 Qg6 31. Qg3 Bxg4 32. Bd1 Qxe4+ 33. Kh2 Bxd1 0-1

[Event "Kiev Independence Cup-B 5th"]
[Site "Kiev"]
[Date "2005.08.09"]
[Round "8"]
[White "Julin, Alexei"]
[Black "Berezjuk, Evgeniya"]
[Result "1-0"]
[WhiteElo "2247"]
[BlackElo "2012"]
[PlyCount "87"]
[EventDate "2005.08.02"]
[EventType "swiss"]
[EventRounds "9"]
[EventCountry "UKR"]
[SourceTitle "CBM 107 Extra"]
[Source "ChessBase"]
[SourceDate "2005.09.01"]
[SourceVersion "1"]
[SourceVersionDate "2005.09.01"]
[SourceQuality "1"]

1. e4 d6 2. d4 Nf6 3. Nc3 g6 4. Be2 c6 5. h4 h5 6. Nf3 Bg7 7. Bg5 Qc7 8. Bf4 Ng4 9. Qd2 b5 10. a3 a6 11. Bg3 Nd7 12. Ng5 Nb6 13. f3 Nh6 14. Nd1 e5 15. c3 Bd7 16. Ne3 d5 17. dxe5 Bxe5 18. Bxe5 Qxe5 19. Qd4 Qxd4 20. cxd4 dxe4 21. fxe4 0-0 22. Rc1 f6 23. Nf3 Rac8 24. e5 Ng4 25. Nxg4 Bxg4 26. exf6 Rxf6 27. Ne5 Bxe2 28. Kxe2 Nd5 29. Rhf1 Nf4+ 30. Kd2 Kg7 31. g3 Nd5 32. Rxf6 Nxf6 33. Kd3 Ng4 34. Nxc6 Nf2+ 35. Ke3 Ng4+ 36. Kd2 Nf2 37. d5 Ne4+ 38. Kd3 Nd6 39. Kd4 Nf5+ 40. Kc5 Nxg3 41. Re1 Nf5 42. d6 Nd4 43. d7 Rxc6+ 44. Kd5 1-0

[Event "Kiev Independence Cup-A 4th"]
[Site "Kiev"]
[Date "2004.08.19"]
[Round "9"]
[White "Simantsev, Mikhail"]
[Black "Julin, Alexei"]
[Result "1-0"]
[WhiteElo "2371"]
[BlackElo "2236"]
[PlyCount "71"]
[EventDate "2004.08.11"]
[EventType "swiss"]
[EventRounds "11"]
[EventCountry "UKR"]
[SourceTitle "EXT 2005"]
[Source "ChessBase"]
[SourceDate "2004.11.15"]
[SourceVersion "1"]
[SourceVersionDate "2004.11.15"]
[SourceQuality "1"]

1. d4 d5 2. c4 e6 3. Nf3 Nf6 4. e3 Be7 5. b3 0-0 6. Nbd2 c5 7. Bd3 Nc6 8. Bb2 dxc4 9. bxc4 b6 10. 0-0 Bb7 11. Rc1 Rc8 12. Qe2 Qc7 13. Rfd1 h6 14. Bb1 Rfd8 15. a3 Rd7 16. d5 exd5 17. Bf5 Rcd8 18. Bxd7 Rxd7 19. cxd5 Rxd5 20. e4 Rd8 21. e5 Nd5 22. e6 f6 23. Ne4 Nf4 24. Qe3 Ba6 25. Rxd8+ Nxd8 26. Rd1 Nfxe6 27. Nh4 Bc8 28. Nf5 Bf8 29. Nxh6+ gxh6 30. Nxf6+ Kf7 31. Qf3 Nf4 32. Nd5 Bb7 33. Qe4 Nxd5 34. Rxd5 Qc6 35. Rf5+ Kg8 36. Qg4+ 1-0

[Event "Kiev Independence Cup-A 4th"]
[Site "Kiev"]
[Date "2004.08.15"]
[Round "5"]
[White "Vysochin, Spartak"]
[Black "Julin, Alexei"]
[Result "1-0"]
[WhiteElo "2599"]
[BlackElo "2236"]
[PlyCount "93"]
[EventDate "2004.08.11"]
[EventType "swiss"]
[EventRounds "11"]
[EventCountry "UKR"]
[SourceTitle "EXT 2005"]
[Source "ChessBase"]
[SourceDate "2004.11.15"]
[SourceVersion "1"]
[SourceVersionDate "2004.11.15"]
[SourceQuality "1"]

1. e4 e5 2. Nf3 Nc6 3. Bb5 a6 4. Bxc6 dxc6 5. 0-0 f6 6. d4 exd4 7. Nxd4 c5 8. Ne2 Qxd1 9. Rxd1 Bd7 10. Be3 0-0-0 11. Nbc3 Bd6 12. Bf4 Bxf4 13. Nxf4 Ne7 14. Rd2 Bg4 15. Rxd8+ Rxd8 16. f3 Bd7 17. Rd1 b6 18. Kf2 Nc6 19. g4 Nd4 20. Rd2 Re8 21. Ncd5 Bc6 22. c3 Bxd5 23. Nxd5 Nc6 24. Ne3 h5 25. gxh5 Rh8 26. Kg3 Rxh5 27. h4 g5 28. hxg5 Rxg5+ 29. Ng4 Ne5 30. Kf4 Ng6+ 31. Ke3 Ne5 32. Nxf6 Nc4+ 33. Kf4 Rg6 34. Nd5 Nxd2 35. Ne7+ Kd8 36. Nxg6 Nc4 37. b3 Na3 38. Ke3 c4 39. bxc4 Nxc4+ 40. Kd4 Nd6 41. f4 Nb5+ 42. Kd3 c5 43. e5 Nc7 44. f5 b5 45. Nf4 b4 46. f6 Kd7 47. f7 1-0

[Event "Kiev Independence Cup-A 3rd"]
[Site "Kiev"]
[Date "2003.08.18"]
[Round "6"]
[White "Panchenko, Alexandar G"]
[Black "Julin, Alexei"]
[Result "1/2-1/2"]
[WhiteElo "2402"]
[BlackElo "2224"]
[PlyCount "66"]
[EventDate "2003.08.13"]
[EventType "swiss"]
[EventRounds "11"]
[EventCountry "UKR"]
[SourceTitle "EXT 2004"]
[Source "ChessBase"]
[SourceDate "2003.11.25"]
[SourceVersion "1"]
[SourceVersionDate "2003.11.25"]
[SourceQuality "1"]

1. d4 d5 2. Bf4 Nf6 3. e3 c6 4. Bd3 Bg4 5. Nf3 e6 6. Nbd2 Be7 7. c4 0-0 8. Qc2 dxc4 9. Bxc4 Nbd7 10. 0-0 Nb6 11. Bb3 Nbd5 12. Be5 Rc8 13. Rad1 c5 14. Qb1 Bxf3 15. Nxf3 c4 16. Bc2 h6 17. a3 b5 18. e4 Nb6 19. d5 exd5 20. exd5 Bd6 21. Bxd6 Qxd6 22. Nd4 Nbxd5 23. Nxb5 Qb6 24. Nc3 Nf4 25. Qc1 Ne6 26. Bf5 Rb8 27. Bxe6 Qxe6 28. Rfe1 Qb6 29. Rd2 Rfd8 30. Rde2 Rd4 31. h3 Rbd8 32. Qe3 Rd3 33. Qf4 R3d4 1/2-1/2

[Event "Kiev Independence Cup-A 3rd"]
[Site "Kiev"]
[Date "2003.08.16"]
[Round "4"]
[White "Bunda, Viktor"]
[Black "Julin, Alexei"]
[Result "0-1"]
[WhiteElo "1936"]
[BlackElo "2224"]
[PlyCount "66"]
[EventDate "2003.08.13"]
[EventType "swiss"]
[EventRounds "11"]
[EventCountry "UKR"]
[SourceTitle "EXT 2004"]
[Source "ChessBase"]
[SourceDate "2003.11.25"]
[SourceVersion "1"]
[SourceVersionDate "2003.11.25"]
[SourceQuality "1"]

1. e4 e5 2. Nf3 Nc6 3. d4 exd4 4. Nxd4 Nf6 5. Nxc6 bxc6 6. e5 Qe7 7. Qe2 Nd5 8. c4 Ba6 9. b3 g6 10. Bb2 Bg7 11. Nd2 0-0 12. Qe4 Nb4 13. a3 d5 14. cxd5 Bxf1 15. Kxf1 Nxd5 16. g3 Rfe8 17. Nc4 f5 18. Qf3 Rab8 19. Kg2 g5 20. Bd4 Rf8 21. Na5 g4 22. Qd1 c5 23. Nc6 Qe6 24. Nxb8 cxd4 25. Qxd4 Rxb8 26. Rad1 c6 27. Qxa7 Rf8 28. h3 f4 29. hxg4 fxg3 30. f3 Qxe5 31. Rd2 Ne3+ 32. Kh3 g2 33. Rxg2 Rxf3+ 0-1